000 00626nam a2200181 4500
008 060808s1998 ph eng
020 _a0646326422 :Php700/630
090 _aDU122.F54
_bP41
100 1 _aPerdon, Renato R.,
_d1944-
245 1 0 _aBrown Americans of Asia /
_cRenato Perdon.
260 _aSydney :
_bManila Prints,
_cc1998.
300 _axxi, 173 p. :
_bill.
650 4 _aFilipinos
_zAustralia.
650 4 _aNational characteristics, Filipino.
650 4 _aPhilippines
_xSocial life and customs.
651 4 _aPhilippines
_xHistory.
951 _p29744
_x00033245
_oDU122.F54/P41
_j070613111604906
_d2000-12-21
_cFIL
999 _c27224
_d27224